| 000 | 00976aam a2200277 a 4500 | ||
|---|---|---|---|
| 700 |
_aРозова, Надежда Иванова _9366022 |
||
| 999 |
_c330995 _d330995 |
||
| 003 | BLK | ||
| 005 | 20250710103807.0 | ||
| 008 | 181012b bu ||||| |||| 00| 0 bu d | ||
| 020 | _a978-954-769-469-9 | ||
| 040 | _aBLK | ||
| 041 |
_aBUL _cBUL |
||
| 080 |
_aАнглийска литература _b821.111 _x-31 _z821.111-31 |
||
| 100 |
_aКавана, Стив _eпърви автор _91299 |
||
| 139 |
_aКавана, Стив _bК 12 |
||
| 240 | _aThirteen | ||
| 245 |
_aФантом _bРоман _cСтив Кавана; прев. Надежда Розова |
||
| 260 |
_bОбсидиан _c2019 _aСофия _f Абагар _g2018 |
||
| 300 |
_a392 с. _c21 см |
||
| 380 | _aX | ||
| 500 | _aОриг. загл.: Thirteen / Steve Cavanagh | ||
| 852 |
_bП _cП 820-31/К 12 _aЦб 300484 |
||
| 942 |
_cKNG _2udc _n0 _036 _s1 |
||
| 999 | _d330995 | ||
| 944 |
_k30576 _lЦветомила Тодорова |
||